International Rugby - Highest Try Scorer against each country - Statistics

General Stats
  • This quiz has been taken 39 times
  • The average score is 8 of 13
Answer Stats
Country Country represented by highest tryscorer Tries Scored Highest Try Scorer % Correct
Australia New Zealand 11 Ma'a Nonu
81%
New Zealand 9 Julian Savea
78%
Scotland Wales 9 Shane Williams
73%
France Ireland 8 Brian O'Driscoll
70%
New Zealand 8 Joe Rokocoko
68%
South Africa New Zealand 10 Christian Cullen
65%
11 Richard McCaw
62%
Argentina Australia 9 David Campese
59%
England Scotland 9 Ian Smith
59%
Scotland 8 Ian Smith
59%
New Zealand Australia 9 Adam Ashley-Cooper
49%
Wales New Zealand 8 John Kirwan
41%
Ireland France 8 Vincent Clerc
27%
No matching quizzes found
Score Distribution
Percent of People with Each Score
Percentile by Number Answered
Your Score History
You have not taken this quiz